书目信息 |
| 题名: |
植物学野外实习指导
|
|
| 作者: | 胡刚 , 张忠华 主编 | |
| 分册: | ||
| 出版信息: | 北京 科学出版社 2024.07 |
|
| 页数: | 166页 | |
| 开本: | 24cm | |
| 丛书名: | ||
| 单 册: | ||
| 中图分类: | Q94-45 | |
| 科图分类: | ||
| 主题词: | 植物学--zhi wu xue--教育实习--教学参考资料 | |
| 电子资源: | ||
| ISBN: | 978-7-03-078873-3 | |
| 000 | 01256nam0 2200253 450 | |
| 001 | 93581 | |
| 005 | 20250819105101.10 | |
| 010 | @a978-7-03-078873-3@dCNY58.00 | |
| 100 | @a20240822d2024 em y0chiy50 ea | |
| 101 | 0 | @achi |
| 102 | @aCN@b110000 | |
| 105 | @aa a 000yy | |
| 106 | @ar | |
| 200 | 1 | @a植物学野外实习指导@Azhi wu xue ye wai shi xi zhi dao@f主编胡刚, 张忠华 |
| 210 | @a北京@c科学出版社@d2024.07 | |
| 215 | @a166页@c图 (部分彩图)@d24cm | |
| 320 | @a有书目 (第158页) | |
| 330 | @a植物学是生命科学各专业一门重要的基础课, 也是实践性很强的学科。植物学野外实习是植物学教学工作的一个重要环节, 是学生掌握和巩固课堂教学的基础理论知识和基本实验技能, 培养学生理论联系实际和独立分析问题、解决问题能力的一个重要教学环节。植物学野外实习有很强的地域性, 不同地域植物的种类截然不同。因此, 不同地区的学生应该使用适合本地的植物学实习教材。本书是针对广西喀斯特和海岸带植物的野外实习教材, 编制了较详细的属、种检索表, 介绍了植物标本采集、压制和制作方法, 同时列举了300多种常见植物的照片 (600多幅) 和相关典型分类特征介绍。 | |
| 606 | 0 | @a植物学@Azhi wu xue@x教育实习@j教学参考资料 |
| 690 | @aQ94-45@v5 | |
| 701 | 0 | @a胡刚@Ahu gang@4主编 |
| 701 | 0 | @a张忠华@Azhang zhong hua@4主编 |
| 801 | 0 | @aCN@c20250909 |
| 905 | @a河南城建学院图书馆@dQ94-45@eH462@f1 | |
| 植物学野外实习指导/主编胡刚, 张忠华.-北京:科学出版社,2024.07 |
| 166页:图 (部分彩图);24cm |
| ISBN 978-7-03-078873-3:CNY58.00 |
| 植物学是生命科学各专业一门重要的基础课, 也是实践性很强的学科。植物学野外实习是植物学教学工作的一个重要环节, 是学生掌握和巩固课堂教学的基础理论知识和基本实验技能, 培养学生理论联系实际和独立分析问题、解决问题能力的一个重要教学环节。植物学野外实习有很强的地域性, 不同地域植物的种类截然不同。因此, 不同地区的学生应该使用适合本地的植物学实习教材。本书是针对广西喀斯特和海岸带植物的野外实习教材, 编制了较详细的属、种检索表, 介绍了植物标本采集、压制和制作方法, 同时列举了300多种常见植物的照片 (600多幅) 和相关典型分类特征介绍。 |
| ● |
| 相关链接 |
|
|
|
正题名:植物学野外实习指导
索取号:Q94-45/H462
 
预约/预借
| 序号 | 登录号 | 条形码 | 馆藏地/架位号 | 状态 | 备注 |
| 1 | 1627539 | 216275395 | 自科库401/401自科库 34排3列2层/ [索取号:Q94-45/H462] | 在馆 |